000 00683nam a2200277Ia 4500
005 20260324130505.0
008 008 260324s9999 xx 000 0 eng d
020 _a9781315246376
037 _aEBOOK
040 _aCRL
040 _beng
040 _cCRL
041 _2eng
041 _aeng
084 _qCRL
100 _aJames Wang; Brian Slack; Daniel Olivier; Theo Notteboom
_91181982
245 0 _aPorts, Cities, and Global Supply Chains
260 _bTaylor and Francis
260 _c2007
365 _a
365 _b240
856 _uhttp://www.taylorfrancis.com/books/9781315246376
942 _cEBOOK
999 _c1778191
_d1778191